000 01120nam a2200265Ia 4500
003 OSt
005 20220930094829.0
006 a|||||r|||| 00| 0
007 ta
008 220926b |||||||| |||| 00| 0 hin d
024 _a21309
037 _cTheses
040 _aCRL
_cCRL
_bhin
041 _2hin
_ahin
100 _aसिंह, प्रदीप कुमार
110 _aदिल्ली विश्वविद्यालय. कला संकाय. हिन्दी विभाग
245 0 _aरामस्वरूप चतुर्वेदी की आलोचना-दृष्टि
246 _aRāmasvarūp chaturvedī kī ālochanā-dṛuṣhṭi
260 _c2013
650 _aहिन्दी साहित्य
700 _a डॉ. अनिल राय, गा.
_9556397
700 _aदिल्ली विश्वविद्यालय. कला संकाय. हिन्दी विभाग
942 _cDIS
_2CC
999 _c887740
_d887740